01510 a2200205 45000010006000000050017000060080041000230030015000640400040000790800034001192450037001530200022001902500012002122640033002243000026002575050861002830410008011441000031011528560121011832154320260407155505.0260407a2013 arg spa dAR-UNSa-BCEJYS aAR-UNSa-BCEJYSbspacAR-UNSa-BCEJYS a342.9xDerecho Administrativo10aManual de derecho administrativo a978-987-03-2495-9 a2a. ed. 1aBuenos Aires :bLa Leyc2013 axxiii, 662 p.c24 cm. a1. Las bases del derecho administrativo - 2. El marco constitucional del derecho administrativo - 3. El concepto de derecho administrativo - 4. Los caracteres del derecho administrativo - 5. Las fuentes del derecho administrativo - 6. La interpretación jurídica - 7. El ejercicio discrecional o reglado de las funciones administrativas - 8. La organización administrativa - 9. Los régimen de empleo público - 10. El control de la administración pública - 11. Los bienes del dominio estatal - 12. Las actividades estatales de intervención - 13. El servicio público - 14. La actividad de fomento - 15. El acto administrativo y el reglamento - 16. Los contratos administrativos - 17. La responsabilidad del estado - 18. Las situaciones jurídicas subjetivas - 19. El procedimiento administrativo - 20. El proceso contencioso administrativo  aspa1 aBalbín, Carlos Francisco41uhttps://biblioeco.unsa.edu.ar/pmb/images/libros/Manual de Derecho Administrativo2.jpgyImagen de portadaqimage/jpeg